|
|
|
|
| LEADER |
01366nam a2200277 a 4500 |
| 001 |
4473407 |
| 003 |
GR-PaULI |
| 005 |
20210528165108.0 |
| 008 |
961106s1996 miuab b 000 0 eng d |
| 952 |
|
|
|0 0
|1 0
|2 ddc
|4 0
|6 939_800000000000000_RAD
|7 0
|9 227789
|a LISA
|b LISA
|c BSC
|d 2018-11-22
|i 14605
|l 0
|o 939.8 RAD
|p 025000257708
|r 2018-11-22 00:00:00
|t 1
|w 2018-11-22
|y BK15
|
| 999 |
|
|
|c 137424
|d 137424
|
| 020 |
|
|
|a 1879621258 (hb)
|
| 040 |
|
|
|a DLC
|c DLC
|d GR-PaULI
|d GR-AiPI
|b gre
|e AACR2
|
| 082 |
0 |
4 |
|a 939.8
|2 23
|
| 100 |
1 |
|
|a Radovanović, Ivana.
|9 172361
|e συγγραφέας.
|
| 245 |
1 |
4 |
|a The Iron Gates Mesolithic /
|c by Ivana Radovanović.
|
| 260 |
|
|
|a Ann Arbor, Mich. :
|b International Monographs in Prehistory,
|c c1996.
|
| 300 |
|
|
|a vii, 382 σ. :
|b εικ., χάρτες ;
|c 29 εκ.
|
| 490 |
1 |
|
|a Archaeological series ;
|v 11
|
| 504 |
|
|
|a Περιλαμβάνει βιβλιογραφικές παραπομπές (σ. 369-382).
|
| 650 |
|
4 |
|a Μεσολιθική περίοδος
|z Σιδερένιες πύλες (Ρουμανία και Σερβία)
|9 172364
|
| 650 |
|
4 |
|a Ανασκαφές (Αρχαιολογία)
|9 22444
|
| 651 |
|
4 |
|a Σιδερένιες πύλες (Ρουμανία και Σερβία)
|x Αρχαιότητες.
|9 172367
|
| 830 |
|
0 |
|a Archaeological series (Ann Arbor, Mich.)
|v 11
|9 172362
|
| 942 |
|
|
|2 ddc
|c BK15
|
| 998 |
|
|
|c ΜΙΧΟΣΤΑΥΡΟΥ
|d 2018-11
|